000 00365nam a2200145Ia 4500
008 230312s9999||||xx |||||||||||||| ||und||
020 _a9781118510124
082 _a005.54
_bHAR-E
100 _aWeverka,Peter
245 0 _aOffice 2016 all-in-one for dummies
260 _bWiley
_aUSA
_c2013
300 _a394
650 _aComputer
_vComputer Programs
942 _cBK
999 _c17497
_d17497